1152 1481 1495 1517 1953 1573 1999 1236 1539 1997 1047 1726 1891 1330 1258 1592 1930 1362 1785 1664 1548 1209 1682 1431 1849 1496 1947 1165 1856 1036 1977 1523 1703 1331 1765 1225 1230 1860 1881 1133 1718 1625 1852 1501 1286 1820 1166 1169 1229 1356 1495 1307 1016 1639 1457 1626 1401 1839 1040 1960 1878 1590 1123 1912 1259 1347 1850 1481 1820 1764 1891 1452 1641 1545 1631 1008 1285 1551 1357 1761 1731 1372 1762 1447 1973 1859 1601 1155 1601 1923 1205 1740 1530 1898 1754 1504 1767 1066 1728 BCNSPRNW ULIB Ver.6.0+V

เปลี่ยนเป็นภาษาไทย

Change to English
 แสดงรายละเอียดบรรณานุกรม
  กลับหน้าหลัก

Brief Record : Get Marc (ISO 2709) : E-mail record : QR code < ปิดหน้าต่าง
LEADER : 00000nam 2200000uu 4500
001    13399125951
003     ULIB
008    171121s||||||||th 000 0 tha d
020    ^a9786162402579
050 04 ^aนว.^bอ-ต
100 0  ^aอลิลศรา
245 10 ^aตรวนปราถนา /^cอลิลศรา
260    ^aกรุงเทพฯ :^bจัสมิน บุ๊ค
300    ^a304 หน้า ;^c17 ซม.
945    ^p0^l0^i003391
999    ^aประนอม เกษจรัล
รายการนี้ยังไม่มีแท็ก
คุณยังไม่ได้ล็อกอิน คุณสามารถมีกิจกรรมร่วมกับเว็บไซต์ได้ แต่ต้องล็อกอินก่อน ::
  ล็อกอิน

รายการสื่อสารสนเทศ

ลำดับที่ ประเภท เลขเรียก/บาร์โค้ด สถานที่ สถานะ
1. วิทยาศาสตร์การแพทย์ และสุขภาพ
วิทยาศาสตร์การแพทย์ และสุขภาพ
นว. อ-ต ฉ.1 
  Barcode: 003391
ห้องสมุดวิทยาเขตสวรรค์ประชารักษ์
►นวนิยาย
บนชั้น
  ขอยืม

รายการใกล้เคียง
    ผู้แต่ง [อลิลศรา]

BibComment


ยังไม่เคยถูกคอมเมนท์

คอมเมนท์ทรัพยากรรายการนี้
  คอมเมนท์: ตรวนปราถนา อลิล..


 Copyright 2026. Bcnsprnw @Library